000 00561nam a2200181 i 4500
001 92781
003 ES-MaACL
005 20231227200605.0
007 t|
008 050328s1947 sp ||||1| spa d
100 1 _aLissarrague, Salvador,
_d1910-1967
_972548
245 1 3 _aLa teoría del poder en Francisco de Vitoria.
260 _aMadrid :
_bInstituto de Estudios Políticos,
_c1947.
300 _a126 p. ;
_c20 cm.
710 2 _aInstituto de Estudios Políticos (Madrid)
_94924
852 _aES-MaACL
_jC-4792
_bR.25258
999 _c92781
_d92781